Statistiques concernant Quiz Embouchures Equitation

Cliquez ici pour prendre le quiz!

Statistiques générales

  • Ce quiz a été pris 274 fois
  • Le résultat moyen est 6 sur 11

Statistiques - réponses

Réponse% Correct
Olive
87%
Pessoa
77%
Pelham
73%
Verdun
70%
Baucher
65%
Releveur
65%
Aiguilles
62%
Hackamore
53%
Bride / Lhotte
41%
Chantilly
35%
Goyo aga
16%

Distribution des résultats

Percentile par nombre de réponses

% des personnes avec chaque résultat

Votre développement - résultats

Vous n’avez pas pris ce quiz